000 00263nam a2200121Ia 4500
008 190216s9999||||xx |||||||||||||| ||und||
100 _aScaria P P
245 0 _aElement Of Economics
260 _bNull
_c1972
300 _a240p
650 _aEconomics
942 _cBK
999 _c9277
_d9277